Niektoré otázky obchodnoprávnej zodpovednosti spoločníkov komanditnej spoločnosti

Úvod o zodpovednosti za škodu v obchodnom práve. Zodpovednostné vzťahy v komanditnej spoločnosti. Autorka konštatuje, že v porovnaní s českou právnou úpravou je úprava komanditnej spoločnosti v našom Obchodnom zákonníku nedostatočná, čo v praxi vyvoláva množstvo otáznikov.

Gespeichert in:
Bibliographische Detailangaben
1. Verfasser: Vačoková, Lenka, 1983-
Format: Buchkapitel
Sprache:Slowakisch
Schlagworte:
Tags: Tag hinzufügen
Keine Tags, Fügen Sie das erste Tag hinzu!

MARC

LEADER 00000nla$a2200000$$$4500
001 0125230
005 20240502083317.6
041 0 |a slo 
044 |a CZ 
245 1 0 |a Niektoré otázky obchodnoprávnej zodpovednosti spoločníkov komanditnej spoločnosti  |c Lenka Vačoková 
520 |a Úvod o zodpovednosti za škodu v obchodnom práve. Zodpovednostné vzťahy v komanditnej spoločnosti. Autorka konštatuje, že v porovnaní s českou právnou úpravou je úprava komanditnej spoločnosti v našom Obchodnom zákonníku nedostatočná, čo v praxi vyvoláva množstvo otáznikov. 
610 2 0 |a spoločnosti komanditné 
610 2 0 |a zodpovednosť za škody 
610 2 0 |a právo obchodné 
610 2 0 |a zákonník obchodný 
100 1 |a Vačoková, Lenka, 1983-